000 00359nam a2200157Ia 4500
003 Ost
005 20260225132540.0
008 260225s9999||||xx |||||||||||||| ||und||
040 _cfsic
041 _afre
082 _a70.4
100 _aPhilippe barbet
_eAuteur
245 0 _aLes échanges internationaux /
245 0 _cPhilippe barbet
942 _cكتاب
999 _c33470
_d33470